000 00431nam a22001697a 4500
003 SGT
020 _a9781284284300
082 _a613.202
_bP25F
100 _aFINK, HEATHER HEDRICK
245 _aPRACTICAL APPLICATIONS IN SPORTS NUTRITION
250 _a7TH
260 _aUSA
_bJONES & BARTLETT PUB
_c2025
300 _a500
650 _aSPORT SCIENCE
653 _aPRACTICAL APPLICATIONS IN SPORTS NUTRITION
942 _2ddc
_cBK
999 _c33179
_d33179